Ian McShane Filmography - Statistics

General Stats
  • This quiz has been taken 33 times
    7 since last reset
  • The average score is 8 of 179
Answer Stats
Type Year Name % Correct
Film 2008 Kung Fu Panda
100%
Film 2024 Kung Fu Panda 4
100%
Film 2009 Coraline
50%
TV Show 2016 Game of Thrones
50%
Film 2016 Grimsby
50%
Film 2019 Hellboy
50%
Film 2014 John Wick
50%
Film 2019 John Wick 3: Parabellum
50%
Film 2017 John Wick: Chapter 2
50%
Film 2023 John Wick: Chapter 4
50%
Film 2000 Sexy Beast
50%
TV Show 2008 SpongeBob SquarePants
50%
Film 2007 The Golden Compass
50%
Film 2009 44 Inch Chest
0%
TV Mini-Series 1985 A.D.
0%
Film 2003 Agent Cody Banks
0%
Short Film 2018 Age of Sail
0%
TV Show 2017-2021 American Gods
0%
TV Show 2012 American Horror Story: Asylum
0%
TV Show 1986 American Playhouse
0%
Film 2024 American Star
0%
TV Film 1977 A Month in the Country
0%
TV Show 1962, 1966 Armchair Theatre
0%
TV Show 1980 Armchair Thriller
0%
Film 2018 A Wizard's Tale
0%
TV Film 1998 Babylon 5: The River of Souls
0%
Film 2025 Ballerina
0%
TV Show 1983 Bare Essence
0%
Film 1969 Battle of Britain
0%
Film 2015 Bilal: A New Breed of Hero
0%
Film 2015 Bolden!
0%
Film 2019 Bolden
0%
Film 2002 Bollywood Queen
0%
TV Film 1985 Braker
0%
Film 2009 Case 39
0%
TV Show 1987 CBS Summer Playhouse
0%
TV Film 1988 Chain Letter
0%
Film 1981 Cheaper to Keep Her
0%
TV Show 1990 Chillers
0%
TV Film 1977 Code Name: Diamond Head
0%
TV Show 1990 Columbo
0%
Film 2014 Cuban Fury
0%
TV Show 1989 Dallas
0%
TV Show 2004-2006 Deadwood
0%
TV Film 2019 Deadwood: The Movie
0%
Film 2008 Death Race
0%
Film 2025 Deep Cover
0%
TV Film 1989 Dick Francis Mysteries: Blood Sport
0%
TV Film 1989 Dick Francis Mysteries: In The Frame
0%
TV Film 1989 Dick Francis Mysteries: Twice Shy
0%
TV Mini-Series 1978 Disraeli
0%
TV Mini-Series 2016 Doctor Thorne
0%
TV Film 1999 D.R.E.A.M. Team
0%
Theater 1990 Ellen
0%
Film 2014 El Niño
0%
TV Mini-Series 1985 Evergreen
0%
Film 1983 Exposed
0%
TV Show 1963 First Night
0%
Film 1971 Freelance
0%
Commercial 2014 Golf on ESPN
0%
TV Film 1983 Grace Kelly
0%
TV Film 1987 Grand Larceny
0%
Film 2014 Hercules
0%
Film 2018 Here Comes the Grump
0%
Documentary Series 1999 Hollywood Greats
0%
Film 2007 Hot Rod
0%
Theater 1963 How Are You, Johnnie?
0%
Documentary 2013 How We Used to Live
0%
Film 1969 If It's Tuesday, This Must Be Belgium
0%
TV Show 2002 In Deep
0%
Theater 1962 Infanticide in the House of Fred Finger
0%
TV Show 1968, 1970, 1974 ITV Playhouse
0%
TV Show 1963, 1964, 1966 ITV Play of the Week
0%
TV Show 1969, 1972 ITV Sunday Night Theatre
0%
TV Documentary 2001 Jack and Bill
0%
Film 2013 Jack the Giant Slayer
0%
Film 2017 Jawbone
0%
TV Documentary 1992 Jesus Christ, Movie Star
0%
TV Mini-Series 1977 Jesus of Nazareth
0%
Video Game 2019 John Wick Hex
0%
Film 1975 Journey into Fear
0%
Theater 1960 Julius Caesar
0%
TV Show 2009 Kings
0%
TV Special 2010 Kung Fu Panda Holiday
0%
TV Show 2019 Law & Order: Special Victims Unit
0%
Film 1972 Left Hand of Gemini
0%
TV Show 1986-1994 Lovejoy
0%
TV Show 1964 Love Story
0%
TV Show 1996 Madson
0%
TV Show 1981, 1982 Magnum, P.I.
0%
TV Film 2002 Man and Boy
0%
TV Mini-Series 1982 Marco Polo
0%
Documentary 2019 Master of Dark Shadows
0%
TV Show 1975 Matt Helm
0%
TV Show 1987, 1989 Miami Vice
0%
TV Show 1989 Minder
0%
TV Show 1976 Most Wanted
0%
Film 2022 My Father's Dragon
0%
Documentary Series 1994, 1998 Natural World
0%
Film 2003 Nemesis Game
0%
Commercial 2016 Nespresso: Change Nothing
0%
Commercial 2014 NHL on ESPN
0%
Film 2005 Nine Lives
0%
Short Film 2016 One
0%
Web Series 2023 One Piece
0%
Documentary Series 1986 Open Space
0%
Film 1985 Ordeal by Innocence
0%
TV Film 1990 Perry Mason: The Case of the Desperate Deception
0%
Film 2011 Pirates of the Caribbean: On Stranger Tides
0%
TV Show 1975 Police Woman
0%
Film 2017 Pottersville
0%
Film 1970 Pussycat, Pussycat, I Love You
0%
Documentary Series 1997 Q.E.D.
0%
Film 1974 Ransom
0%
TV Show 2015 Ray Donovan
0%
TV Show 1964 Redcap
0%
TV Show 1969 Rogues' Gallery
0%
Commercial 2012-Present Rolex
0%
TV Mini-Series 1977 Roots
0%
Commercial 2002 Royal Mail
0%
Film 2006 Scoop
0%
Film 2007 Shrek the Third
0%
Film 1972 Sitting Target
0%
Film 1965 Sky West and Crooked
0%
Music Video 1985 Slave to the Rhythm
0%
Film 2012 Snow White and the Huntsman
0%
TV Film 1995 Soul Survivors
0%
TV Show 1975 Space: 1999
0%
TV Show 1964 Spanner in the Grass Works
0%
Film 1970 Tam-Lin
0%
TV Documentary 2003 Terror in Moscow
0%
Theater 1997 The Admirable Crichton
0%
TV Show 1988 The Dirty Dozen
0%
Theater 1964 The Easter Man
0%
TV Show 1977 The Fantastic Journey
0%
Film 1979 The Fifth Musketeer
0%
TV Film 1988 The Great Escape II: The Untold Story
0%
Film 1979 The Great Riviera Bank Robbery
0%
Film 2016 The Hollow Point
0%
Theater 2007-2008 The Homecoming
0%
Film 1973 The Last of Sheila
0%
TV Film 1982 The Letter
0%
TV Film 1975 The Lives of Jenny Dolan
0%
TV Film 1986 The Murders in the Rue Morgue
0%
TV Show 1997 The Naked Truth
0%
TV Mini-Series 2010 The Pillars of the Earth
0%
TV Film 1978 The Pirate
0%
Film 1965 The Pleasure Girls
0%
Theater 1966-1967 The Promise
0%
TV Show 1982 The Quest
0%
Film 2007 The Seeker
0%
TV Show 2021 The Simpsons
0%
Film 2010 The Sorcerer's Apprentice
0%
TV Show 1964 The Sullavan Brothers
0%
Theater 1961 The Tempest
0%
TV Show 2003 The Twilight Zone
0%
TV Show 1966 The Wednesday Play
0%
TV Show 2002 The West Wing
0%
Film 1962 The Wild and the Willing
0%
Theater 2000 The Witches of Eastwick
0%
TV Show 2001 Thieves
0%
Film 1985 Too Scared to Scream
0%
Film 1985 Torchlight
0%
TV Mini-Series 2003 Trust
0%
Film 1971 Villain
0%
Web Series TBA Vital Signs
0%
TV Mini-Series 1988-1989 War and Remembrance
0%
Film 2006 We Are Marshall
0%
TV Film 1994 White Goods
0%
TV Film 1972 Whose Life Is It Anyway?
0%
TV Mini-Series 1978 Will Shakespeare
0%
TV Show 1967 Wuthering Heights
0%
Film 1979 Yesterday's Hero
0%
Theater 1998 Yield of the Long Bond
0%
TV Show 1966 You Can't Win
0%
Music Video 1984 You Make My Heart Beat Faster (And That's All That Matters)
0%
TV Show 1989 Young Charlie Chaplin
0%
Commercial 2002 Yours Magazine
0%
TV Show 1964 Z Cars
0%
No matching quizzes found
Score Distribution
Percent of People with Each Score
Percentile by Number Answered
Your Score History
You have not taken this quiz since the last reset